00787nam a2200205 a 450000100100000000500170001000800410002704000250006808200150009310000390010824500710014725000110021826000530022930000310028259000270031350000680034070000370040895201190044599900170056400002500120200930023511.0110208s1979 pr c r 000 0 spa d aDO-SdBNPbspacBNPHU axxxxbO87a1 aO´Neill Rosa, Ismaeld193195130910aAlfa y Omega / :bIsmael O´Neill Rosa ; prólogo Miguel Limardo. a2a ed. aSan Juan, Puerto Rico :bJay ce printing,c1979. a207 p. :bretrs. ;c21 cm. aInventariado, 2019/ YL aIncluye referencia biográfica del autor en la contracubierta.1 aLimardo, Miguel,epról.934120 001054708MOaGRbGRcCTd2011-02-08iLF1l0oxxxx O87ap25001-10r2020-06-25w2020-06-25y4ZPréstamo en sala c24494d24494